<?xml version="1.0" encoding="UTF-8"?><?xml-stylesheet type="text/xsl" href="static/style.xsl"?><OAI-PMH xmlns="http://www.openarchives.org/OAI/2.0/" xmlns:xsi="http://www.w3.org/2001/XMLSchema-instance" xsi:schemaLocation="http://www.openarchives.org/OAI/2.0/ http://www.openarchives.org/OAI/2.0/OAI-PMH.xsd"><responseDate>2026-04-14T17:00:52Z</responseDate><request verb="GetRecord" identifier="oai:uvadoc.uva.es:10324/80596" metadataPrefix="marc">https://uvadoc.uva.es/oai/request</request><GetRecord><record><header><identifier>oai:uvadoc.uva.es:10324/80596</identifier><datestamp>2025-12-16T08:59:42Z</datestamp><setSpec>com_10324_1167</setSpec><setSpec>com_10324_931</setSpec><setSpec>com_10324_894</setSpec><setSpec>col_10324_1238</setSpec></header><metadata><record xmlns="http://www.loc.gov/MARC21/slim" xmlns:doc="http://www.lyncode.com/xoai" xmlns:xsi="http://www.w3.org/2001/XMLSchema-instance" xmlns:dcterms="http://purl.org/dc/terms/" xsi:schemaLocation="http://www.loc.gov/MARC21/slim http://www.loc.gov/standards/marcxml/schema/MARC21slim.xsd">
<leader>00925njm 22002777a 4500</leader>
<datafield tag="042" ind1=" " ind2=" ">
<subfield code="a">dc</subfield>
</datafield>
<datafield tag="720" ind1=" " ind2=" ">
<subfield code="a">Ramón Cueto, Gemma</subfield>
<subfield code="e">author</subfield>
</datafield>
<datafield tag="720" ind1=" " ind2=" ">
<subfield code="a">Sáez Pérez, María Paz</subfield>
<subfield code="e">author</subfield>
</datafield>
<datafield tag="720" ind1=" " ind2=" ">
<subfield code="a">Camino Olea, María Soledad</subfield>
<subfield code="e">author</subfield>
</datafield>
<datafield tag="260" ind1=" " ind2=" ">
<subfield code="c">2026</subfield>
</datafield>
<datafield tag="520" ind1=" " ind2=" ">
<subfield code="a">The thermal envelope of a building plays a key role in its energy efficiency; therefore, accurately characterizing its behaviour is essential to reliably estimate energy consumption. In historic buildings, errors in these estimations can compromise the rehabilitation process and lead to ineffective interventions. Understanding the thermal behaviour of traditional construction systems allows for the establishment of realistic and non-invasive in situ assessment methods, which are crucial for appropriate energy retrofitting. This study evaluates the applicability of the Heat Flow Meter (HFM) method in thick brick masonry walls of historic buildings, by installing heat flux sensors on both sides of the wall. The analysis was carried out on a landmark 20th-century building over a 45-day winter monitoring period, assessing the thermal performance of the wall to validate the method’s effectiveness in heritage contexts, while identifying the advantages and limitations of the efficiency of its heating system. The results were compared with the theoretical model based on Fourier’s law, revealing notable discrepancies: daily periods were observed during which the wall simultaneously received heat from both the interior and exterior environments, contradicting the assumption of unidirectional heat transfer. This phenomenon highlights the potential of massive walls to act as dynamic thermal regulators. The study demonstrates the value of harnessing these ambient thermal gains as a passive strategy to improve energy efficiency without compromising indoor comfort established in regulations, and reinforces the relevance of traditional construction solutions in the sustainable conservation of built heritage.</subfield>
</datafield>
<datafield tag="024" ind2=" " ind1="8">
<subfield code="a">Energy and Buildings, Volume 351, 2026, 116776.</subfield>
</datafield>
<datafield tag="024" ind2=" " ind1="8">
<subfield code="a">0378-7788</subfield>
</datafield>
<datafield tag="024" ind2=" " ind1="8">
<subfield code="a">https://uvadoc.uva.es/handle/10324/80596</subfield>
</datafield>
<datafield tag="024" ind2=" " ind1="8">
<subfield code="a">10.1016/j.enbuild.2025.116776</subfield>
</datafield>
<datafield tag="024" ind2=" " ind1="8">
<subfield code="a">116776</subfield>
</datafield>
<datafield tag="024" ind2=" " ind1="8">
<subfield code="a">Energy and Buildings</subfield>
</datafield>
<datafield tag="024" ind2=" " ind1="8">
<subfield code="a">351</subfield>
</datafield>
<datafield ind1=" " ind2=" " tag="653">
<subfield code="a">Eficiencia energética</subfield>
</datafield>
<datafield ind1=" " ind2=" " tag="653">
<subfield code="a">Conductancia térmica</subfield>
</datafield>
<datafield ind1=" " ind2=" " tag="653">
<subfield code="a">Flujo térmico</subfield>
</datafield>
<datafield ind1=" " ind2=" " tag="653">
<subfield code="a">Ensayo in situ</subfield>
</datafield>
<datafield ind1=" " ind2=" " tag="653">
<subfield code="a">Rehabilitación energética</subfield>
</datafield>
<datafield ind1=" " ind2=" " tag="653">
<subfield code="a">Fachada de ladrillo</subfield>
</datafield>
<datafield tag="245" ind1="0" ind2="0">
<subfield code="a">Thermal behaviour optimization in thick bricks wall of architectural heritage</subfield>
</datafield>
</record></metadata></record></GetRecord></OAI-PMH>